| 000 | 00754cam a2200265 4500 | ||
|---|---|---|---|
| 001 | 291528 | ||
| 003 | ARRUPE | ||
| 005 | 20221116095152.0 | ||
| 008 | 690502s1969 nyu b 001 0 eng | ||
| 010 | _a 69019778 | ||
| 040 |
_aDLC _cDLC _dDLC |
||
| 050 | 0 | 0 |
_aBL48 _b.E35 |
| 082 | 0 | 0 | _a301.5/8 |
| 100 | 1 |
_aEdwards, David L. _q(David Lawrence), _d1929- _93529 |
|
| 245 | 1 | 0 |
_aReligion and change, _cby David L. Edwards. |
| 260 |
_a London, _bHodder and Stoughton _c[1969] |
||
| 300 |
_a383 p. _c24 cm. |
||
| 350 | _a8.00 | ||
| 504 | _aBibliographical footnotes. | ||
| 650 | 0 | _aReligion. | |
| 650 | 0 |
_aSecularism. _92269 |
|
| 650 | 0 |
_aChristianity _y20th century. |
|
| 906 |
_a7 _bcbc _corignew _du _encip _f19 _gy-gencatlg |
||
| 942 |
_2lcc _cMONOGRAPH |
||
| 999 |
_c131519 _d131519 |
||